| 000 | 00436nam a2200181Ia 4500 | ||
|---|---|---|---|
| 001 | 25367 | ||
| 005 | 20260414151145.0 | ||
| 008 | 260414t2000||||xx |||||||||||||| ||spa|| | ||
| 041 | _aESP | ||
| 082 |
_a346.5 _bF43 |
||
| 100 |
_aFerrero Costa, Raúl _eAUT |
||
| 245 | 0 |
_aCurso de derecho de las obligaciones _b |
|
| 260 | _c2000 | ||
| 300 |
_a372 páginas : _c20 cm. |
||
| 650 | _aDER | ||
| 654 | _aCDE | ||
| 942 |
_cLIB _dJUS _fJUS _2ddc _n |
||
| 999 |
_c25367 _d25367 |
||